000 00787nas a2200253Ia 4500
001 R027/42434
003 IT-RoPAU
008 151124c99999999xx |||||||||||| ||und||
040 _aIT-RoPAU
040 _cIT-RoPAU
041 _aITALIANO
100 _aSanjines Jorge
_gCodice Aut. SPICS: 11265
210 _aOMBRE ROSSE
222 _aOmbre Rosse
245 _aOMBRE ROSSE, N.02 (1972)
_bPubblico E Fini di un Cinema Militante
250 _a1a ed.
260 _aROMA
_bSAMONA' E SAVELLI
_c1972
501 _bPaulus - SPICS - Società San Paolo EM (non-commercial uses only)
_cCopyright2015
300 _a5 p. [23-27]
362 _aN.02 (1972)
500 _aPer un Cinema Rivoluzionario. Pubblico. Cinema Popolare.
650 _aCINEMA
_vPUBBLICAZIONE PERIODICA
942 _cCR
999 _c188801
_d188801